| 000 | 00650nam a2200205Ia 4500 | ||
|---|---|---|---|
| 003 | GCL | ||
| 008 | 140319s9999 xx 000 0 ara d | ||
| 040 |
_aGCL / _cGCL |
||
| 082 | 0 | 4 |
_a239 _bم ف |
| 100 | 1 | _aمحمد مأمون نجا | |
| 245 | 1 | 0 |
_aالفكر الخوالد للنبى محمد صلى الله عليه وسلم / _cمحمد مأمون نجا |
| 700 | 1 | _aمحمد على | |
| 700 | 1 | _aكامل محمد اسماعيل | |
| 300 | _a237 ص | ||
| 490 |
_aالالف كتاب _v0 |
||
| 650 | 0 | 4 | _aالسيرة النبوية |
| 650 | 0 | 4 | _aاخلاق الرسول |
| 650 | 0 | 4 | _aالغزوات الاسلامية |
| 942 |
_2ddc _cBK |
||
| 999 |
_c44407 _d44407 |
||